000 00651nam a22002177a 4500
003 UA-OsUOA
001 43451
007 ta
008 20090710b un ||||| |||| 00| 0 ukr d
100 _aБродович О.
090 _a09.-94(477).09
_bБ88
942 _cBR
040 _aUA-OsUOA
_bukr
_cUA-OsUOA
_dUA-OsUOA
245 _aДо генези українсько-німецької війн6и 1941-44 років
_bПередрук із Вісника УГВР: Ч.2, жовтень 1945
300 _a36 с.
955 _a4
041 _aukr
080 _a09.-94(477).09
650 7 _a0 Загальний відділ.
_2UDC
999 _c441928
_d441928